Drama /
Đã lưu trong:
| Hovedforfatter: | |
|---|---|
| Andre forfattere: | |
| Format: | Sách giấy |
| Sprog: | English |
| Udgivet: |
Hong Kong :
Oxford University,
1987
|
| Tags: |
Tilføj Tag
Ingen Tags, Vær først til at tagge denne postø!
|
| Thư viện lưu trữ: | Thư viện Trường Đại học Đà Lạt |
|---|
| LEADER | 00581nam a2200253 4500 | ||
|---|---|---|---|
| 001 | DLU020000822 | ||
| 005 | ##1/5/1999 | ||
| 020 | # | # | |a 0-19-437097-6 |
| 041 | # | # | |a eng |
| 082 | # | # | |a 428 |b WE-C |
| 100 | # | # | |a Wessels, Charlyn |
| 245 | # | # | |a Drama / |c Charlyn Wessels, Maley Alan |
| 260 | # | # | |a Hong Kong : |b Oxford University, |c 1987 |
| 300 | # | # | |a VI, 137 tr.; |c 24 cm. |
| 700 | # | # | |a Alan, Maley |
| 992 | # | # | |a 3000 |
| 994 | # | # | |a DLU |
| 900 | # | # | |a False |
| 911 | # | # | |a Administrator |
| 925 | # | # | |a G |
| 926 | # | # | |a A |
| 927 | # | # | |a SH |
| 980 | # | # | |a Thư viện Trường Đại học Đà Lạt |


